000 nam a22 7a 4500
999 _c8902
_d8902
008 180120b ||||| |||| 00| 0 eng d
100 _aDev, Arjun
_95217
245 _aJawaharlal Nehru years of Struggle
260 _aNew Delhi
_bNational Book Trust
_c2009